Normal view MARC view

Entry Personal Name

Number of records used in: 1

001 - CONTROL NUMBER

  • control field: 864125

003 - CONTROL NUMBER IDENTIFIER

  • control field: OSt

005 - DATE AND TIME OF LATEST TRANSACTION

  • control field: 20260113121735.0

008 - FIXED-LENGTH DATA ELEMENTS

  • fixed length control field: 260113|| aca||aabn | a|a d

040 ## - CATALOGING SOURCE

  • Original cataloging agency: OSt
  • Transcribing agency: OSt

100 ## - HEADING--PERSONAL NAME

  • Personal name: ज्ञानेन्द्रपति

670 ## - SOURCE DATA FOUND

  • Source citation: Work cat.: (OSt)1467576: ज्ञानेन्द्रपति , मनु को बनाती मनई , 2013
Copyright @ Delhi University Library System